Bibó István 1911-1979
Elmentve itt :
| További közreműködők: | |
|---|---|
| Adatforrás: | Philobibl |
| Dokumentumtípus: | Könyv |
| Nyelv: | magyar |
| Kulcsszavak: | kisebbségi kérdés demokrácia politikaelmélet nacionalizmus |
| Megjelent: |
[Párizs]
Dialogues Européens
1979
|
| Sorozat: | Magyar füzetek
|
| LEADER | 00505nam a2200181 c 4500 | ||
|---|---|---|---|
| 001 | bibPHI0033472 | ||
| 005 | 20200924123200.7 | ||
| 008 | 081204s1979 fr hun | ||
| 245 | 0 | 0 | |a Bibó István |b 1911-1979 |c [szerk. fel. Kende Péter] |
| 260 | |a [Párizs] |b Dialogues Européens |c 1979 | ||
| 300 | |a 198 p. | ||
| 490 | 1 | |a Magyar füzetek |v 4. | |
| 695 | |a kisebbségi kérdés | ||
| 695 | |a demokrácia | ||
| 695 | |a politikaelmélet | ||
| 695 | |a nacionalizmus | ||
| 700 | 1 | |a Kende Péter | |
| 830 | 0 | |a Magyar füzetek | |